000 00428nam a2200181Ia 4500
001 17472
005 20260306171520.0
008 260306s9999||||xx |||||||||||||| ||und||
041 _aESP
082 _a658
_bK56
100 _aKinicki, Angelo
_eAUT
245 0 _aManagement:
_ba practical introduction
260 _c2013
300 _a548 páginas :
_c28 cm.
650 _aGEN
654 _aCAN
942 _cLIB
_dJUS
_fJUS
_2ddc
_n
999 _c17472
_d17472